F1 1999 Grid - Statistics

General Stats
  • This quiz has been taken 352 times
  • The average score is 14 of 24
Answer Stats
Team Nationality Answer % Correct
Ferrari Germany Micheal Schumacher
99%
Williams Germany Ralf Schumacher
99%
McLaren Finland Mika Hakkinen
95%
McLaren Scotland/Uk David Coulthard
85%
Ferrari Ireland Eddie Irvine
79%
BAR Canada Jacques Villeneuve
73%
Stewart Brazil Rubens Barrichello
71%
Jordan Uk Damon Hill
67%
Benetton Italy Giancarlo Fisichella
65%
Ferrari Finland Mika Salo
63%
Jordan Germany Heinz Harold Frentzen
61%
Prost Italy Jarno Trulli
60%
Sauber France Jean Alesi
56%
Benetton Austria Alexander Wurz
50%
Prost France Olivier Panis
48%
Arrows Spain Pedro Del La Rosa
48%
Stewart Uk Johnny Herbert
47%
Minardi Spain Marc Gene
36%
Williams Italy Alessandro Zanardi
35%
BAR Brazil Ricardo Zonta
35%
Sauber Brazil Pedro Diniz
33%
Minardi Italy Luca Badoer
29%
Arrows Japan Toranouke Takagi
26%
Minardi France Stephane Sarrazin
17%
No matching quizzes found
Score Distribution
Percent of People with Each Score
Percentile by Number Answered
Your Score History
You have not taken this quiz